000 00795nam a2200229Ia 4500
003 IN-BaIIA
008 211028s9999 xx 000 0 eng d
020 _a978-0-521-86808-2
040 _cIIA Library
080 _a523.4(082.1)
_bEXT
245 0 _aExtrasolar planets
_cedited by Hans Deeg and Juan Antonio Belmonte and Antonio Aparicio
260 _aCambridge
_bCambridge University Press
_c2008
300 _axiv, 268p.
490 _aCanary Islands winter school of astrophysics; v. XVI
650 _aExtrasolar planets
_93586
650 _aPlanets
_9971
650 _aSolar systems
_92582
700 _aAparicio, Antonio., ed.
_931552
700 _aBelmonte, Juan Antonio, ed.
_931553
700 _aDeeg, Hans, ed.
_931554
942 _cBK
999 _c16896
_d16896